00253nam a2200109Ia 4500008004100000100001400041245002800055260002200083650001400105942000700119999001700126190216s9999||||xx |||||||||||||| ||und|| aKader U A 0aMalayalam-Vaye Pathalam bDc Books Kottayam aMalayalam cBK c25980d25980